01107nam a2200277 i 4500003000900000005001700009008004100026020001800067040004300085082002100128100003100149245016400180264005300344264001000397300004000407336002600447337002800473338002700501504005100528650004300579655001700622700002800639942001200667999001700679952013300696EG-ScBUE20250714095555.0090527t2008 ne a f b 001 0 eng d a9781402061233 aEG-ScBUEbengerdacEG-ScBUEdEG-ScBUE04222a541.363bOON1 aOonk, H. A. J., eauthor.10aEquilibrium between phases of matter :bphenomenology and thermodynamics /cH. A. J. Oonk, Utrecht University and M. T. Calvet, University of Barcelona, Spain. 1aDordrecht, The Netherlands : bSpringer,c[2008] 4cc2008 a404 pages :billustrations ;c24 cm 2rdacontentatextbtxt aunmediated2rdamediabn avolumebnc2rdacarrier aIncludes bibliographical references and index. 795460aPhase rule & equilibrium.2BUEsh vReading book1 aCalvet, M. T.,eauthor. 2ddccBB c11655d11655 00102ddc40708BaccahaMAINbMAINc1STd2009-05-27ePurchaseg738.40h7117l0o541.363 OONp000016537r2025-07-15 00:00:00yBB